000 01024nam a22003257a 4500
003 CHAP
005 20220817040950.0
008 971013s1987 r 00010 d
010 _a3589
011 _a4561
035 _a3765
040 _cCHAP
090 _aFolleto 12810
110 _aMéxico. Subsecretaría de Desarrollo y Fomento Agropecuario y Forestal
_977248
245 _aEstablecimiento de áreas semilleras
260 _aMéxico :
_bLa Subsecretaría,
_c1987
300 _a15 p.
_b; mapa
500 _aD50-159
590 _aBATCH-UPD
_b10
_c20130110
_lUCH01
_h0151
590 _aBATCH-UPD
_b10
_c20130110
_lUCH01
_h1602
590 _aBATCH-UPD
_b10
_c20130410
_lUCH01
_h0959
590 _aBATCH-UPD
_b10
_c20130914
_lUCH01
_h1847
590 _aCONVERSION
_b10
_c20130109
_lUCH01
_h1303
650 1 4 _aÁrboles
_xMejoramiento.
_96622
650 1 4 _aPropagación de árboles.
650 1 4 _aSemillas forestales.
_9103935
901 _aBK
942 _cFOLL
949 _aFolleto 12810
_bBC
_cFOLL
_d-13290
_eTS1
_i3765
_mD
_si
999 _c3589
_d3589